000 00701cam a2200241 4500
008 090401t1982 xxu||||| |||| 00| 0 eng d
020 _a0471877522
035 _a(Sirsi) u90776
041 _aeng
050 _a332.63240973
100 _aPyhrr, Stephen A.
245 _aReal estate investment : strategy, analysis, decisions.
260 _aNew York
_bJohn Wiley and Sons
_c1982
300 _axviii,798p. ; 24cm.
350 _a24.75
650 _aPROPERTY INVESTMENT
650 _aREAL ESTATE INVESTMENT
650 _aUNITED STATES
690 _aPROPERTY-COMMERCIAL PROPERTY-COMMERCIAL PROPERTY FINANCE AND INVESTMENT
700 _aCooper, James R
942 _n0
948 _c04/03/1997
999 _c97584
_d97584